[Event "BL2-Ost 1112"]
[Site "Germany"]
[Date "2012.04.15"]
[Round "9.2"]
[White "Bredl, Harald"]
[Black "Jansa, Vlastimil"]
[Result "1/2-1/2"]
[WhiteElo "2362"]
[BlackElo "2478"]
[PlyCount "103"]
[EventDate "2011.10.02"]
[EventType "team-tourn"]
[EventRounds "9"]
[EventCountry "GER"]
[SourceTitle "EXT 2015"]
[Source "ChessBase"]
[SourceDate "2014.11.20"]
[SourceVersion "1"]
[SourceVersionDate "2014.11.20"]
[SourceQuality "1"]
[WhiteTeam "Garching"]
[BlackTeam "Forchheim"]
[WhiteTeamCountry "GER"]
[BlackTeamCountry "GER"]

1. d4 Nf6 2. Bg5 d5 3. Bxf6 exf6 4. e3 Bd6 5. g3 c6 6. Nd2 0-0 7. Bg2 Nd7 8. Ne2 f5 9. c4 dxc4 10. Nxc4 Bc7 11. 0-0 Nf6 12. Rc1 h5 13. h4 Be6 14. Nf4 Bxf4 15. exf4 Bxc4 16. Rxc4 Qd7 17. Bf3 g6 18. Qe2 Rad8 19. Rd1 Rfe8 20. b4 Re7 21. a4 Ne4 22. Qb2 a6 23. Kg2 Re6 24. a5 Nf6 25. d5 cxd5 26. Rcd4 Rd6 27. b5 Ne4 28. Be2 Qe6 29. bxa6 bxa6 30. Rb4 Ra8 31. Rb8+ Rxb8 32. Qxb8+ Kg7 33. Rb1 d4 34. Rb6 Qd5 35. Bf3 d3 36. Rxd6 Qxd6 37. Qb6 d2 38. Qxd6 Nxd6 39. Kf1 Nc4 40. Ke2 Nxa5 41. Bd5 Kf6 42. Kxd2 Ke7 43. Kd3 f6 44. Ke3 Kd6 45. Bf7 g5 46. fxg5 fxg5 47. hxg5 Nc6 48. Bxh5 Ke5 49. Bf3 Ne7 50. Bb7 f4+ 51. gxf4+ Kf5 52. Bxa6 1/2-1/2

[Event "BL2-Ost 1112"]
[Site "Germany"]
[Date "2012.03.18"]
[Round "8.3"]
[White "Bredl, Harald"]
[Black "Gaponenko, Inna"]
[Result "1/2-1/2"]
[WhiteElo "2362"]
[BlackElo "2445"]
[PlyCount "77"]
[EventDate "2011.10.02"]
[EventType "team-tourn"]
[EventRounds "9"]
[EventCountry "GER"]
[SourceTitle "EXT 2015"]
[Source "ChessBase"]
[SourceDate "2014.11.20"]
[SourceVersion "1"]
[SourceVersionDate "2014.11.20"]
[SourceQuality "1"]
[WhiteTeam "Garching"]
[BlackTeam "Aue Nickelhuette"]
[WhiteTeamCountry "GER"]
[BlackTeamCountry "GER"]

1. d4 d5 2. Nf3 Nf6 3. e3 c5 4. dxc5 e6 5. a3 Bxc5 6. b4 Be7 7. Nbd2 a5 8. b5 Nbd7 9. Bb2 a4 10. c4 Nc5 11. Be2 dxc4 12. Nxc4 Nb3 13. Qxd8+ Bxd8 14. Rd1 0-0 15. 0-0 Nd5 16. g3 Na5 17. Nfe5 Bc7 18. e4 Nf6 19. f3 Nxc4 20. Nxc4 Nd7 21. Bc3 Nc5 22. b6 Bd8 23. Bb4 Be7 24. Kg2 f6 25. Nd6 Na6 26. Bxa6 Rxa6 27. Rc1 Bxd6 28. Bxd6 Rd8 29. Bc7 Rd2+ 30. Rf2 Rxf2+ 31. Kxf2 Bd7 32. Rd1 Be8 33. Rd8 Kf7 34. Rb8 Bc6 35. Rc8 Bd7 36. Rd8 Be8 37. Rc8 Bd7 38. Rd8 Be8 39. Rb8 1/2-1/2

[Event "BL2-Ost 1112"]
[Site "Germany"]
[Date "2011.11.20"]
[Round "3.2"]
[White "Koepke, Christian"]
[Black "Bredl, Harald"]
[Result "1/2-1/2"]
[WhiteElo "2388"]
[BlackElo "2362"]
[PlyCount "93"]
[EventDate "2011.10.02"]
[EventType "team-tourn"]
[EventRounds "9"]
[EventCountry "GER"]
[SourceTitle "EXT 2015"]
[Source "ChessBase"]
[SourceDate "2014.11.20"]
[SourceVersion "1"]
[SourceVersionDate "2014.11.20"]
[SourceQuality "1"]
[WhiteTeam "Muenchen Tarrasch"]
[BlackTeam "Garching"]
[WhiteTeamCountry "GER"]
[BlackTeamCountry "GER"]

1. e4 e5 2. Nf3 Nc6 3. Bb5 a6 4. Ba4 d6 5. c3 g6 6. d4 Bd7 7. 0-0 Bg7 8. Re1 Nf6 9. d5 Ne7 10. c4 0-0 11. Nc3 h6 12. c5 Bxa4 13. Nxa4 Nd7 14. Qb3 b5 15. cxb6 cxb6 16. Be3 b5 17. Nc3 f5 18. exf5 gxf5 19. a4 f4 20. Bc1 Nc5 21. Qd1 b4 22. Ne4 Nxe4 23. Rxe4 a5 24. Nd2 Qe8 25. Re1 Qg6 26. f3 Rfc8 27. Ne4 Nf5 28. b3 Nd4 29. Ra2 Rc7 30. Rf2 Rac8 31. Bb2 Nf5 32. Qd3 Bf8 33. g3 Rg7 34. g4 Be7 35. Kh1 Nh4 36. Rg1 Kh8 37. Bxe5 dxe5 38. d6 Rd8 39. Rd1 Bxd6 40. Nxd6 Qxd3 41. Rxd3 Kh7 42. Rdd2 Rgd7 43. Ne4 Rd3 44. Rxd3 Rxd3 45. Rd2 Rxb3 46. Rd7+ Kg8 47. Nf6+ 1/2-1/2

[Event "BL2-Ost 1112"]
[Site "Germany"]
[Date "2011.10.02"]
[Round "1.3"]
[White "Bredl, Harald"]
[Black "Gdanski, Jacek"]
[Result "1/2-1/2"]
[WhiteElo "2362"]
[BlackElo "2541"]
[PlyCount "33"]
[EventDate "2011.10.02"]
[EventType "team-tourn"]
[EventRounds "9"]
[EventCountry "GER"]
[SourceTitle "EXT 2015"]
[Source "ChessBase"]
[SourceDate "2014.11.20"]
[SourceVersion "1"]
[SourceVersionDate "2014.11.20"]
[SourceQuality "1"]
[WhiteTeam "Garching"]
[BlackTeam "Plauen Koenig"]
[WhiteTeamCountry "GER"]
[BlackTeamCountry "GER"]

1. d4 g6 2. e4 Bg7 3. Nc3 d6 4. f4 Nf6 5. a3 c5 6. dxc5 Qa5 7. b4 Qc7 8. Bd2 dxc5 9. e5 Nfd7 10. Bd3 Nc6 11. Nf3 cxb4 12. Nb5 Qd8 13. axb4 0-0 14. 0-0 Nb6 15. Qe2 a6 16. Na3 Bg4 17. c3 1/2-1/2

[Event "Oberliga Bayern 1011"]
[Site "Germany"]
[Date "2011.02.27"]
[Round "7.1"]
[White "Bredl, Harald"]
[Black "Lauer, Moritz"]
[Result "1/2-1/2"]
[WhiteElo "2337"]
[BlackElo "2327"]
[PlyCount "61"]
[EventDate "2010.10.10"]
[EventType "team-tourn"]
[EventRounds "9"]
[EventCountry "GER"]
[SourceTitle "EXT 2012"]
[Source "ChessBase"]
[SourceDate "2011.11.24"]
[SourceVersion "1"]
[SourceVersionDate "2011.11.24"]
[SourceQuality "1"]
[WhiteTeam "Garching"]
[BlackTeam "Puschendorf"]
[WhiteTeamCountry "GER"]
[BlackTeamCountry "GER"]

1. e4 d5 2. exd5 Nf6 3. d4 Bg4 4. Nf3 Bxf3 5. Qxf3 Qxd5 6. Qb3 Qxb3 7. axb3 e6 8. Na3 Bd6 9. Be2 Nc6 10. c3 0-0 11. 0-0 a6 12. Nc4 Be7 13. Bf3 Nd5 14. Ne3 Rfd8 15. g3 h6 16. Nxd5 exd5 17. Bf4 Bd6 18. Bxd5 Nxd4 19. cxd4 Bxf4 20. Bxb7 Rab8 21. Bxa6 Bg5 22. Bc4 Rxd4 23. Ra7 Rd7 24. Re1 Bf6 25. Re2 Kf8 26. Kg2 Bd4 27. Ra1 Re7 28. Rd2 c5 29. h4 g6 30. Ra6 h5 31. Kf3 1/2-1/2